00385 2200157 4500245003500000020002200035250001100057100001700068650002200085005001900107260004200126041001400168084001000182300002600192336000900218 aThe SecretcRhonda ByrnehText a978-979-22-3155-2 aCet. 5 aRhonda Byrne aPengembangan Diri a20240926082123 aJakartabGramedia Pustaka Utamac2007 aIndonesia a153.8 axvii, 236 hlm. :cpdf atext